LIBRARY & INFORMATION CENTRE, KCAET, TAVANUR

ONLINE PUBLIC ACCESS CATALOGUE (OPAC)

Quantitative analysis / (Record no. 7494)

MARC details
000 -LEADER
fixed length control field 00446cam a2200181ua 4500
041 ## - LANGUAGE CODE
Language code of text/sound track or separate title eng
082 ## - DEWEY DECIMAL CLASSIFICATION NUMBER
Classification number 545
Item number SWA/QU
100 ## - MAIN ENTRY--AUTHOR NAME
Personal name Swaminatha Iyyer, V .
245 ## - TITLE STATEMENT
Title Quantitative analysis /
250 ## - EDITION STATEMENT
Edition statement 1 /
260 ## - PUBLICATION, DISTRIBUTION, ETC. (IMPRINT)
Place of publication Madras :
Name of publisher Central Art press ,
Year of publication 1961.
300 ## - PHYSICAL DESCRIPTION
Number of Pages 146 ; .
942 ## - ADDED ENTRY ELEMENTS (KOHA)
Koha item type Books
Holdings
Withdrawn status Lost status Damaged status Home library Current library Date acquired Full call number Accession Number Koha item type Public note Cost, normal purchase price
Withdrawn     KAUAET KAUAET 07/04/2012 545 SWA/QU 7400 Books   4.00
Withdrawn     KAUAET KAUAET 03/02/2021 545 SWA/QU 8188 Books    
Withdrawn     KAUAET Sanskrit University 07/04/2012 545 SWA/QU 8185 Books Transferred to Sanskrit University  
free website counter